000
00284nam a22001217a 4500
020
_a
9788178847962
082
_a
302.23014
100
_a
J.David
245
_a
Journalism language and expression
260
_a
New Delhi
_b
Cybertech publications
_c
2011
300
_a
288p
942
_c
BK
999
_c
2854
_d
2854